| 000 | 00517nam a2200181 i 4500 | ||
|---|---|---|---|
| 001 | 94006 | ||
| 003 | ES-MaACL | ||
| 005 | 20230906181349.0 | ||
| 007 | t| | ||
| 008 | 050427s1966 sp ||||1| spa d | ||
| 080 | _a517.63 | ||
| 100 | 1 |
_aLópez Ruiz, José Luis. _973945 |
|
| 245 | 1 | 3 |
_aLa transformación de Laplace / _cpor José Luis López Ruiz. |
| 260 |
_aMadrid : _bDossat, _c1966. |
||
| 300 |
_aXIV, 143 p. : _bil. ; _c22 cm. |
||
| 650 | 4 |
_aLaplace, Transformación de. _9144579 |
|
| 852 |
_aES-MaACL _jC-30486 |
||
| 999 |
_c94006 _d94006 |
||